Land vs. Land #155 - Statistiken

Allgemein
  • Dieses Quiz wurde 12 mal gespielt
  • Das Durchschnittsergebnis liegt bei 11 aus 14
Antwortstatistiken
Frage Antwort % Korrekt
...Militär? Jordanien🇯🇴
100%
...Fläche? Namibia🇳🇦
100%
...Bruttoinlandsprodukt pro Kopf? Jordanien🇯🇴
91%
...Lebenserwartung? Jordanien🇯🇴
91%
...Bruttoinlandsprodukt? Jordanien🇯🇴
82%
...HDI (Human Development Index)? Jordanien🇯🇴
82%
...Gesundheitswesen? Jordanien🇯🇴
82%
...durchschnittlicher IQ? Jordanien🇯🇴
82%
...Gewinner? Jordanien🇯🇴
82%
...Frieden Namibia🇳🇦
73%
...Exportmengen? Jordanien🇯🇴
64%
...Happy Planet Index? Namibia🇳🇦
64%
...Einwohner? Jordanien🇯🇴
45%
...Tourismus? Jordanien🇯🇴
45%
Keine übereinstimmenden Quizze gefunden
Verteilung der Resultate
Anzahl Personen mit jedem Resultat
Perzentil nach korrekt beantworteten Fragen
Ihre Resultats-Entwicklung
Sie haben dieses Quiz noch nicht gespielt